000 00758nam a2200229Ii 4500
003 JO-AjNU
008 230605s9999||||xx |||||||||||||| ||und||
017 _a15/2720
020 _a9960-27-157-9
040 _aJO-AjNU
_bara
_erda
_cJO-AjNU
041 _aara
050 1 4 _aPJ6101 1995
100 3 _aتاليف النجار،فهمي قطب الدين,
_eauthor
_910098
245 0 0 _aزاد الطالب من أوضح المسالك
250 _aط2
264 3 1 _aالرياض: مكتبة الملك فهد الوطنية، 1992
300 _a202ص
336 _atext
_btxt
_2rdacontent
337 _aunmediated
_bn
_2rdamedia
338 _avolume
_bnc
_2rdacarrier
650 4 _aاللغة العربية-النحو-الصرف-زاد الطالب
_910099
999 _aA1635
_c5203
_d5203